Bridgerton Quiz 🎻👑💎💞 - Statistics

General Stats
  • This quiz has been taken 327 times
  • The average score is 10 of 10
Answer Stats
Question Answer % Correct
Who is the eldest Bridgerton sibling? Anthony
99%
Which Bridgerton sibling is known for being deeply uninterested in marriage and obsessed with intellectual independence? Eloise
99%
Who is Anthony’s true love in Season 2? Kate Sharma
99%
Who is the central Bridgerton sibling in Season 4’s main love story? Benedict
97%
What is the name of the mysterious gossip writer? Lady Whistledown
97%
What is the name of Queen Charlotte’s husband? George
96%
What scandal threatens Marina Thompson in Season 1? illegitimate pregnancy
96%
Which family struggles constantly with financial problems and scandal? The Featheringtons
95%
Which Bridgerton sibling travels extensively and returns more worldly in Season 3? Colin
94%
What theme connects every Bridgerton season? Love and Marriage challenging society
94%
No matching quizzes found
Score Distribution
Percent of People with Each Score
Percentile by Number Answered
Your Score History
You have not taken this quiz